• 首页
  • 本馆介绍
  • 公告通知
  • 最新文献
  • 馆藏检索
  • 电子资源
  • 读者导购
  • 参考咨询
  • 我的图书馆
  • 登录
  • 详细信息显示
  • 放入我的书架
  • 预约/预借图书
  • 作者相关作品
  • 分类相关作品
  • 丛书相关作品
  • 出版社相关作品

书目信息

  • 表格格式
  • 工作单格式
  • 卡片格式
题名:
反刍动物消化生理学
    
 
作者: 刘敏雄
分册:  
出版信息:   北京农业大学出版社  1991.10
页数: 227页
开本: 19cm
丛书名:
单 册:
中图分类: S823.1
科图分类:
主题词: 家畜
电子资源:
ISBN: 7-81002-219-9
000 00533nam0 2200193 45
001 0308271055
005 20030827105621.2
010    @a7-81002-219-9@dRMB2.50
100    @a20030827d1991 km y0chiy0120 ea
101    @achi
105    @a z 000yy
200 1  @a反刍动物消化生理学@Afan chu dong wu xiao hua sheng li xue@f刘敏雄@Fliu min xiong
210    @c北京农业大学出版社@d1991.10
215    @a227页@c无图表@d19cm
606 0  @a家畜
690    @aS823.1@v3
701  0 @a刘敏雄
801    @aCN@b@c20030827
905    @aBZT@dS823.1@e123
    
    反刍动物消化生理学/刘敏雄.-北京农业大学出版社,1991.10
    227页:无图表;19cm
    
    
    ISBN 7-81002-219-9:RMB2.50
    
●
相关链接 在五车中查询图书 在当当中查询图书 在豆瓣中查询图书


正题名:反刍动物消化生理学     索取号:S823.1/123         预约/预借

序号 登录号 条形码 馆藏地/架位号 状态 备注
1 80242   200325282   中心书库中库/ 中库031架B面6列4层18/ [索取号:S823.1/123] 在馆    
2 80243   200325273   中心书库中库/ 中库031架B面6列3层14/ [索取号:S823.1/123] 在馆    
3 80244   200325291   中心书库中库/ 中库031架B面6列3层13/ [索取号:S823.1/123] 在馆    
4 80245   200325237   中心书库中库/ 中库031架B面6列3层12/ [索取号:S823.1/123] 在馆    
5 80246   200325264   中心书库中库/ 中库031架B面6列3层11/ [索取号:S823.1/123] 在馆    
6 80247   200325255   中心书库中库/ 中库031架B面6列3层16/ [索取号:S823.1/123] 在馆    
7 80248   200325308   中心书库中库/ 中库031架B面6列4层17/ [索取号:S823.1/123] 在馆    
8 80249   200325344   中心书库中库/ 中库031架B面6列4层16/ [索取号:S823.1/123] 在馆    
9 80250   200325326   中心书库中库/ 中库031架B面6列3层15/ [索取号:S823.1/123] 在馆    
10 80251   200325317   中心书库中库/ 中库031架B面6列3层17/ [索取号:S823.1/123] 在馆    
山东省滨州职业学院图书馆 欢迎您!
大连网信软件有限公司© 版权所有